000 00383nam a2200157Ia 4500
008 230312s9999||||xx |||||||||||||| ||und||
020 _a0-19-545544-1
082 _a820
_bMCR-T
100 _aMcRobbie;David
245 0 _aTalking Tree and Other Stories
260 _bOxford
_aChina
_c2006
300 _a76
546 _aEng.
650 _aLiterature
_vEnglish Literature
942 _cBK
999 _c9366
_d9366